| LEADER | 01131nam a22002177a 4500 | ||
|---|---|---|---|
| 003 | GR-PaULI | ||
| 005 | 20210117210710.0 | ||
| 007 | ta | ||
| 008 | 180802b gr a|||f |||| 00| 0 gre d | ||
| 040 | |a GR-PaULI |b gre |c GR-PaULI |e AACR2 | ||
| 060 | |a WG 340 | ||
| 245 | 0 | 0 | |a Αρτηριακή υπέρταση και β-ανασταλτές : |b πρακτικά...[από] Διεθνές Συμπόσιο, Αθήναι, 3 Απριλίου 1981, Πολεμικό Μουσείο / |c Α' Καρδιολογική Κλινική του Θεραπευτηρίου "Ο Ευαγγελισμός". |
| 260 | |a [χ.τ.] ; |b [χ.ό.], |c 1981. | ||
| 300 | |a 80 εκ. ; |c 24 εκ. | ||
| 650 | 4 | |9 29875 |a Υπέρταση | |
| 650 | 4 | |9 29242 |a Ιατρική |x Συνέδρια | |
| 710 | |9 169377 |a Γενικό Νοσοκομείο Αθηνών Ο Ευαγγελισμός | ||
| 942 | |2 nlm |c BKN | ||
| 952 | |0 0 |1 0 |2 nlm |4 0 |6 WG_340 |7 1 |9 225215 |a MEDI |b MEDI |c DON |d 2018-08-02 |i 7237 |l 0 |o WG 340 |p 025000174962 |r 2018-08-02 00:00:00 |t 1 |v 2018.00 |w 2018-08-02 |y BKN |z Δωρεά Ζ. Γιώτσα (αίθουσα δωρεών) | ||
| 998 | |c ΜΑΝΙΑΚΗ |d 2018 | ||
| 999 | |c 135917 |d 135917 | ||